Guía ética para personas inteligentes /

Introducción a la ética como disciplina, en la que es planteada una defensa apasionada de la dimensión moral del ser humano y son abordados algunos de los dilemas que encaran las sociedades de fines del siglo XX, como la eutanasia, el aborto, las discapacidades psíquicas o las fronteras de la ingeni...

Whakaahuatanga katoa

I tiakina i:
Ngā taipitopito rārangi puna kōrero
Kaituhi matua: Warnock, Mary (autor)
Ētahi atu kaituhi: Tena, Pedro (traducción) (traducción)
Hōputu: Pukapuka
Reo:Pāniora
Rangatū:(Noema ; 20)
Ngā marau:
Ngā Tūtohu: Tāpirihia he Tūtohu
Kāore He Tūtohu, Me noho koe te mea tuatahi ki te tūtohu i tēnei pūkete!

MARC

LEADER 00000nam^a2200000^a^4500
001 000156414
005 20250521000000.0
009 20260310100504.402
020 |a 968-16-6815-4 
020 |a 84-7506-574-0 
037 |a Acervo ITESO - Biblioteca 
041 |a ESP 
082 |a 170.  |b WAR 
100 |a Warnock, Mary  |e (autor) 
245 1 0 |a Guía ética para personas inteligentes /  |c M. Warnock ; tr. por P. Tena. 
264 |a México :  |b Fondo de Cultura Económica ;  |a Madrid, España :  |b Turner,  |c 2002, c2002 
300 |a 190 p. 
336 |a texto  |b txt  |2 rdacontenido 
337 |a sin mediación  |b n  |2 rdamedio 
338 |a volumen  |b nc  |2 rdasoporte 
440 1 |a (Noema ;  |v 20) 
500 |a Traducción de: An Intelligent Person's Guide to Ethics 
520 |a Introducción a la ética como disciplina, en la que es planteada una defensa apasionada de la dimensión moral del ser humano y son abordados algunos de los dilemas que encaran las sociedades de fines del siglo XX, como la eutanasia, el aborto, las discapacidades psíquicas o las fronteras de la ingeniería genética. 
521 |a 2012-2016 BO Currículum Universitario 
649 |a XX 
650 |a Libertad 
650 |a Responsabilidad 
650 |a Libre Albedrío 
650 |a Determinismo 
650 |a Eutanasia 
650 |a Aborto 
650 |a Muerte 
650 |a Vida 
650 |a Ingeniería Genética 
650 |a Bioética 
650 |a Etica Médica 
650 |a Etica Científica 
650 |a Derecho y Etica 
650 |a Modernidad y Posmodernidad 
650 |a Etica -  |x Generalidades -  |x Tema Principal 
650 |a Filosofía 
700 |a Tena, Pedro  |e (traducción) 
910 |a Fondo General 
920 |a Impresos - Libros 
930 |a Colección General 
905 |a 101 
901 |a 0500084292  |b IT1  |c ACC  |u 20250521 
901 |a 0500097933  |b IT1  |c ACC  |u 20250521 
902 |a https://opac.biblio.iteso.mx/vufind/Record/000156414